000
00267nam a22001097a 4500
082
_a
720/YAD
100
_a
Yadav,Sumit
_9
83514
245
_a
Indian Art and Architecture
260
_a
Delhi
_b
Aradhana Pub.
_c
2020
650
_a
Art and Architecture
_9
83515
942
_c
BK
999
_c
68454
_d
68454